Normal view
MARC view
- SHIPLEY,T.JOSEPH
Entry Personal Name
001 - CONTROL NUMBER
- control field: 133838
003 - CONTROL NUMBER IDENTIFIER
- control field: NUST
005 - DATE AND TIME OF LATEST TRANSACTION
- control field: 20260402164404.0
008 - FIXED-LENGTH DATA ELEMENTS
- fixed length control field: 260402|| aca||aabn | a|a d
040 ## - CATALOGING SOURCE
- Original cataloging agency: NUST
- Transcribing agency: NUST
100 ## - HEADING--PERSONAL NAME
- Personal name: SHIPLEY,T.JOSEPH
670 ## - SOURCE DATA FOUND
- Source citation: Work cat.: (NUST): SHIPLEY,T.JOSEPH., DICTIONARY OF WORLD LITERATURE /, 1953.
